000 00815nam a2200253Ia 4500
003 OSt
005 20221005111233.0
006 a|||||r|||| 00| 0
007 ta
008 221004b |||||||| |||| 00| 0 hin d
020 _a8170555833 (hbk)
_c50
024 _a97443
037 _b565, 23/03/2009, Vani Prakashan
_cTextual
040 _aCRL
_cCRL
_bhin
041 _2hin
_ahin
082 _aO152,1J32:g, N8
100 _aनगेन्द्र
245 0 _aतुलसी संदर्भ
246 _aTulasī sandarbha
260 _aनई दिल्ली
_bवाणी प्रकाशन भारत
_c1998
300 _a54पृ0
_ccm.
942 _hO152,1J32:g, N8
_cTEXL
_2cc
999 _c1021228
_d1021228